000 00463nam a22001577a 4500
999 _c14953
_d14953
008 200203b ||||| |||| 00| 0 eng d
020 _a978-1-198462-491-8
082 _22019
_aDC 950
_bAs41
245 _aAsia & the world
260 _aNew York:
_b3G E-Learning;
_c©2019.
300 _ax, 217 pages.
_billustration;
_c30 cm.
500 _aIncludes references and index.
650 _aAsia -- Juvenile literature.
_942919
365 _b3,475.00
942 _2ddc
_cDC